| 000 | 00414 a2200145 4500 | ||
|---|---|---|---|
| 020 | _a978-989-9294-04-2 | ||
| 040 | _aISPLB | ||
| 082 | _b34 | ||
| 100 |
_91038 _aMOREIRA,Walter Nunes Bernardo de Matos |
||
| 245 | _aIntroduȧo ao Direito da Concorrencia (as operaȯes de Concentraȧo de empresa em Angola ) | ||
| 260 |
_aLuanda , _bJA EDITORA , _c2025. |
||
| 300 | _a155p | ||
| 650 | _aDireito | ||
| 942 | _cLivros | ||
| 999 |
_c2210 _d2210 |
||